书目信息 |
| 题名: |
摄影镜头的使用技巧
|
|
| 作者: | 沙占祥 著 | |
| 分册: | ||
| 出版信息: | 北京 中国摄影出版社 1991 |
|
| 页数: | 442页 | |
| 开本: | 20cm | |
| 丛书名: | ||
| 单 册: | ||
| 中图分类: | J41 , TB851 | |
| 科图分类: | ||
| 主题词: | 摄影镜头--应用--方法 | |
| 电子资源: | ||
| ISBN: | 7-80007-080-8 | |
| 000 | 00733nam0 2200253 45 | |
| 001 | 0199943312 | |
| 005 | 19920605183926.3 | |
| 009 | 0191000001 | |
| 010 | @a7-80007-080-8@dCNY25.00 | |
| 100 | @a19920605e20021991em y0chiy0121 ea | |
| 101 | 0 | @achi |
| 102 | @aCN@b110000 | |
| 105 | @af z 000yy | |
| 106 | @ar | |
| 200 | 1 | @a摄影镜头的使用技巧@Ashe ying jing tou de shi yong ji qiao@f沙占祥著@Fsha zhan xiang zhu |
| 210 | @a北京@c中国摄影出版社@d1991@h2002重印 | |
| 215 | @a442页@c图@d20cm | |
| 606 | 0 | @a摄影镜头@x应用@x方法 |
| 690 | @aJ41@v4 | |
| 690 | @aTB851@v4 | |
| 701 | 0 | @a沙占祥@Asha zhan xiang@4著 |
| 801 | 0 | @aCN@b广东省中山图书馆@c19920605 |
| 801 | 2 | @aCN@bNLC@c20001103 |
| 905 | @dTB851@e35 @f5 | |
| 摄影镜头的使用技巧/沙占祥著.-北京:中国摄影出版社,1991(2002重印) |
| 442页:图;20cm |
| ISBN 7-80007-080-8:CNY25.00 |
| ● |
| 相关链接 |
|
|
|
|
正题名:摄影镜头的使用技巧
索取号:TB851/35
 
预约/预借
| 序号 | 登录号 | 条形码 | 馆藏地/架位号 | 状态 | 备注 |
| 1 | 0258394 | 001361243 | 第二样本阅览室/ [索取号:TB851/35] | 在馆 | |
| 2 | 0258395 | 001361289 | 第三借阅区/ [索取号:TB851/35] | 在馆 | |
| 3 | 0853909 | 208539090 | 第三借阅区/ [索取号:TB851/35] | 在馆 | |
| 4 | 0853910 | 208539107 | 密集书库/ [索取号:TB851/35] | 在馆 | |
| 5 | 0853911 | 208539116 | 密集书库/ [索取号:TB851/35] | 在馆 | |
| 6 | 0853912 | 208539125 | 第三借阅区/ [索取号:TB851/35] | 在馆 | |
| 7 | 0853913 | 208539134 | 密集书库/ [索取号:TB851/35] | 在馆 |